|
|
|
|
| LEADER |
00000nam0a2200000 4500 |
| 001 |
159895 |
| 005 |
20231031155403.0 |
| 010 |
|
|
|a 5713303438
|
| 020 |
|
|
|a RU
|b 90-56959
|
| 035 |
|
|
|a (RuTPU)RU\TPU\book\173411
|
| 090 |
|
|
|a 159895
|
| 100 |
|
|
|a 20090515d1990 km y0rusy5003 ca
|
| 101 |
0 |
|
|a rus
|
| 102 |
|
|
|a RU
|
| 105 |
|
|
|a y z 001zy
|
| 200 |
1 |
|
|a В поисках альтернативы. Азиатские модели развития: социалистические и "новые индустриальные страны"
|f В. В. Михеев
|f В. В. Михеев
|
| 210 |
|
|
|a Москва
|c Международные отношения
|d 1990
|
| 215 |
|
|
|a 216 с.
|
| 320 |
|
|
|a Библиогр. в примеч.: с. 209-212.
|
| 610 |
1 |
|
|a социалистические страны
|
| 610 |
1 |
|
|a Азия
|
| 610 |
1 |
|
|a социализм
|
| 610 |
1 |
|
|a неоиндустриализм
|
| 610 |
1 |
|
|a динамика
|
| 610 |
1 |
|
|a проблемы
|
| 610 |
1 |
|
|a модели развития
|
| 686 |
|
|
|a У70
|2 rubbk
|
| 700 |
|
1 |
|a Михеев
|b В. В.
|g Василий Васильевич
|4 070
|
| 801 |
|
0 |
|a RU
|b RuMRKP
|c 19950417
|g psbo
|
| 801 |
|
1 |
|a RU
|b 63413507
|c 20090515
|g PSBO
|
| 801 |
|
2 |
|a RU
|b 63413507
|c 20100201
|g PSBO
|
| 942 |
|
|
|c BK
|